Overview of selected multivariate statistical methods and their use in phytopathological research (Record no. 64530)

MARC details
000 -LEADER
fixed length control field 00390nam a2200133Ia 4500
100 ## - MAIN ENTRY--AUTHOR NAME
Personal name Sanogo S
245 #0 - TITLE STATEMENT
Title Overview of selected multivariate statistical methods and their use in phytopathological research
260 ## - PUBLICATION, DISTRIBUTION, ETC. (IMPRINT)
Name of publisher Phytopathology
Year of publication 2004
300 ## - PHYSICAL DESCRIPTION
Number of Pages 1004-1006
650 ## - SUBJECT ADDED ENTRY--TOPICAL TERM
Topical Term Statistical methods
700 ## - ADDED ENTRY--PERSONAL NAME
Personal name Yang X B
942 ## - ADDED ENTRY ELEMENTS (KOHA)
Koha item type Journals
Holdings
Withdrawn status Lost status Damaged status Not for loan Home library Current library Shelving location Date acquired Serial Enumeration / chronology Koha item type
      Journals RRII Library RRII Library Mycology 17/12/2021 Volume 94, Issue 9 Journals